000 00676nam a22001815i 4500
001 157616
003 ES-MaACL
005 20250825063339.0
008 040902q18801900sp |||| | spa d
040 _aCAM
_bspa
_cCAM
100 1 _aLétang, Louis,
_d1855-1938
_9129185
245 1 3 _aLa señora de Villemor /
_cpor Luis Létang; versión castellana de C.F.
260 _aMadrid :
_bLa España Editorial,
_c[s.a.] (
_fImprenta de Enrique Rubiños)
300 _a289 p. ;
_c19 cm.
596 _aImpreso ca. a finales del S. XIX.
852 _aES-MaACL
_jD-1809
_z-- Enc. hol., conservando la cub. original
_z-- Legado de M. de la Fuente
999 _c157616
_d157616